Top 20 kanałów z największą ilością subsbrybcji - Statystyki

Ogólne statystyki
  • Ten quiz został rozwiązany 6 razy
  • Średni wynik to 4 z 20
Statystyki odpowiedzi
Miejsce Kanał Subskrybcje % Poprawnych
1 MrBeast 353 mln
100%
3 Cocomelon 189 mln
60%
10 PewDiePie 110 mln
60%
2 T-Series 285 mln
60%
4 SET India 181 mln
40%
6 Kids Diana Show 130 mln
20%
7 Like Nastya 125 mln
20%
5 Vlad and Niki 133 mln
20%
8 Zee Music Company 114 mln
20%
19 Baby Shark - Pinkfong 80.1 mln
0%
20 BANGTANTV 79.7 mln
0%
14 BLACKPINK 95.7 mln
0%
15 ChuChu TV 94.8 mln
0%
18 5-Minute Crafts 81.1 mln
0%
12 Goldmines 103 mln
0%
17 KIMPRO 83.7 mln
0%
13 Sony SAB 98.9 mln
0%
9 Stokes Twins 111 mln
0%
11 WWE 107 mln
0%
16 Zee TV 84.4 mln
0%
Nie znaleziono quizów pasujących do podanych kryteriów
Rozkład punktacji
Procent ludzi z każdym wynikiem
Percentyl według liczby udzielonych odpowiedzi
Twoja historia wyników
Nie rozwiązałeś tego quizu